Lenguaje y sentido común: las bases para la formación del discurso dominante
Gardado en:
| Autor Principal: | |
|---|---|
| Formato: | Libro |
| Idioma: | Lingua castelá |
| Publicado: |
Buenos Aires
Biblos
2003
|
| Edición: | 1a. ed |
| Subjects: | |
| Tags: |
Engadir etiqueta
Sen Etiquetas, Sexa o primeiro en etiquetar este rexistro!
|
MARC
| LEADER | 00000nam a2200000 a 4500 | ||
|---|---|---|---|
| 001 | UCK6316 | ||
| 003 | CL-VaPUC | ||
| 008 | 050916e20030000AG |||||||||||||||||spa|d | ||
| 020 | |a 9507863753 | ||
| 082 | 0 | 4 | |a 418 |b RAI |2 21 |
| 100 | 0 | |a Raiter, Alejandro |e author |9 495459 | |
| 245 | 1 | 0 | |a Lenguaje y sentido común: las bases para la formación del discurso dominante |
| 250 | |a 1a. ed | ||
| 300 | |a 189 p | ||
| 942 | |c BK | ||
| 945 | |d 20050916 00:00:00 |a jcarroza | ||
| 260 | |a Buenos Aires |b Biblos |c 2003 | ||
| 650 | 0 | |a Análisis del discurso |9 256696 | |
| 650 | 0 | |a Comunicación |9 257251 | |
| 650 | 7 | |a SENTIDO COMUN |2 CL-VaPUC |9 308639 | |
| 650 | 0 | |a Aspectos sociales |9 254894 | |
| 650 | 0 | |a Lingüística |9 265068 | |
| 583 | |a last modification |c 20050916 00:00:00 |k Rodrigo Vera | ||
| 999 | |c 314612 |d 314610 | ||
| 952 | |0 0 |1 0 |4 0 |6 418_000000000000000_RAI_2003 |7 0 |8 A |9 387140 |a BIBCUR |b BIBCUR |d 2019-11-22 |i 4166116 |o 418 RAI 2003 |p 4166116 |r 2025-04-22 |w 2019-11-22 |y BK |k MGC | ||